[Event "Baku Open 2013"]
[Site "Baku AZE"]
[Date "2013.09.24"]
[Round "6.14"]
[White "Kotronias, Vasilios"]
[Black "Izzat, Kanan"]
[Result "1/2-1/2"]
[WhiteTitle "GM"]
[BlackTitle "FM"]
[WhiteElo "2579"]
[BlackElo "2347"]
[WhiteFideId "5900212"]
[BlackFideId "13405209"]
[EventDate "2013.09.19"]

1. e4 c6 2. d4 d5 3. e5 Bf5 4. h4 h6 5. g4 Bd7 6. h5 e6 7. c3 c5 8. Na3 cxd4 9.
cxd4 Qb6 10. f4 Nc6 11. Nc2 Nb4 12. Nxb4 Bxb4+ 13. Kf2 f6 14. a3 Be7 15. Kg3
fxe5 16. dxe5 Bc5 17. Nf3 Rc8 18. Bd3 Ne7 19. Rh2 Rf8 20. Re2 a5 21. b3 Bb5 22.
b4 Bxd3 23. Qxd3 axb4 24. axb4 Bxb4 25. Be3 Bc5 26. Rb1 Qa6 27. Qxa6 bxa6 28.
Rb7 Bxe3 29. Rxe3 Rf7 30. Rb6 Rc4 31. Rb8+ Kd7 32. f5 Nc6 33. Ra8 Kc7 34. fxe6
Re7 35. Rxa6 Kb7 36. Raa3 Rxe6 37. Reb3+ Kc7 38. Rd3 Nxe5 39. Nxe5 Rxe5 40. Ra7+
Kd6 41. Rxg7 Re6 42. Rg6 Ke7 43. Rf3 Rce4 44. Rg7+ Kd6 1/2-1/2

[Event "Baku Open 2013"]
[Site "Baku AZE"]
[Date "2013.09.24"]
[Round "6.17"]
[White "Rogozenco, Dorian"]
[Black "Khalafova, Narmin"]
[Result "1-0"]
[WhiteTitle "GM"]
[BlackTitle "WFM"]
[WhiteElo "2515"]
[BlackElo "2131"]
[WhiteFideId "1210319"]
[BlackFideId "13402625"]
[EventDate "2013.09.19"]

1. d4 d5 2. c4 c6 3. Nf3 Nf6 4. Nc3 e6 5. Bg5 dxc4 6. e4 b5 7. e5 h6 8. Bh4 g5
9. Nxg5 hxg5 10. Bxg5 Be7 11. exf6 Bxf6 12. Be3 Nd7 13. g3 Bb7 14. Bg2 a6 15.
O-O Nb6 16. Ne4 Nd5 17. a4 Be7 18. Qf3 Qc7 19. Rfe1 Rh7 20. Nc5 Bxc5 21. dxc5
O-O-O 22. Bd4 Qe7 23. axb5 cxb5 24. c6 Bxc6 25. Rxa6 Bb7 26. Ra7 Rd7 27. Rea1
Qd6 28. Qg4 Rd8 29. Bf6 Re8 30. h4 Bc6 31. Qg5 Nxf6 32. Bxc6 Qxc6 33. Qxf6 Kb8
34. Qe5+ 1-0

[Event "Baku Open 2013"]
[Site "Baku AZE"]
[Date "2013.09.24"]
[Round "6.19"]
[White "Kuderinov, Kirill"]
[Black "Pourkashiyan, Atousa"]
[Result "1/2-1/2"]
[WhiteTitle "IM"]
[BlackTitle "WGM"]
[WhiteElo "2480"]
[BlackElo "2303"]
[WhiteFideId "13701568"]
[BlackFideId "12502014"]
[EventDate "2013.09.19"]

1. e4 e5 2. Nf3 Nf6 3. Nc3 Bb4 4. Nd5 Nxd5 5. exd5 O-O 6. c3 e4 7. Nd4 Bc5 8.
Nc2 d6 9. d4 exd3 10. Bxd3 Nd7 11. O-O Ne5 12. Be3 Bg4 13. Qd2 Nxd3 14. Qxd3 Qd7
15. Bxc5 Bf5 16. Qd2 Bxc2 17. Bxa7 Be4 18. Bd4 Qf5 19. c4 Bxg2 20. Kxg2 Qg4+ 21.
Kh1 Qf3+ 1/2-1/2

[Event "Baku Open 2013"]
[Site "Baku AZE"]
[Date "2013.09.24"]
[Round "6.20"]
[White "Rzayev, Bahruz"]
[Black "Aliakbarov, Anar"]
[Result "1-0"]
[WhiteTitle "IM"]
[WhiteElo "2464"]
[BlackElo "2232"]
[WhiteFideId "13403036"]
[BlackFideId "13401858"]
[EventDate "2013.09.19"]

1. c4 Nf6 2. g3 g6 3. Bg2 Bg7 4. Nc3 O-O 5. Rb1 a5 6. a3 d6 7. b4 axb4 8. axb4
e5 9. d3 h6 10. e3 Nc6 11. Nge2 Ne7 12. Qb3 Bf5 13. e4 Be6 14. Nd5 Ne8 15. O-O
Qd7 16. Rd1 Nxd5 17. cxd5 Bh3 18. Bh1 f5 19. d4 f4 20. dxe5 dxe5 21. f3 Qb5 22.
Qc2 g5 23. Bg2 Bxg2 24. Kxg2 g4 25. gxf4 gxf3+ 26. Kxf3 exf4 27. Nxf4 Qd7 28.
Rg1 Qh3+ 29. Ke2 Qxh2+ 30. Rg2 Qh4 31. Qd2 Nd6 32. Qc3 Rf7 33. Bb2 Qxf4 34.
Rxg7+ Kf8 35. Rg8+ Ke7 36. Qxc7# 1-0

[Event "Baku Open 2013"]
[Site "Baku AZE"]
[Date "2013.09.24"]
[Round "6.21"]
[White "Mammadov, Zaur"]
[Black "Durarbayli, Vasif"]
[Result "0-1"]
[WhiteTitle "IM"]
[BlackTitle "GM"]
[WhiteElo "2436"]
[BlackElo "2567"]
[WhiteFideId "13401033"]
[BlackFideId "13402935"]
[EventDate "2013.09.19"]

1. e4 c5 2. c3 d5 3. exd5 Qxd5 4. d4 Nf6 5. Nf3 e6 6. Na3 Qd8 7. Nc4 Nc6 8. Nce5
cxd4 9. Nxc6 bxc6 10. Nxd4 Qc7 11. Be2 Bd6 12. Bf3 Bb7 13. h3 O-O 14. O-O a6 15.
Qa4 c5 16. Bxb7 Qxb7 17. Nf3 Rfd8 18. Re1 h6 19. c4 Re8 20. Rd1 Rad8 21. Bd2 e5
22. Bc3 Ne4 23. Nh2 Re6 24. Ng4 f5 25. Ne3 f4 26. Nd5 f3 27. Qc2 Nxc3 28. bxc3
e4 29. Ne3 Rf8 30. Rd5 fxg2 31. Rad1 Bb8 32. Rd7 Qc6 33. Qe2 Rg6 34. Nxg2 e3 35.
fxe3 Kh7 36. h4 Qe4 37. h5 Rg3 38. Rd8 Rxd8 39. Rxd8 Bf4 40. Rf8 Bxe3+ 41. Kf1
Rh3 42. Nxe3 Qh1+ 0-1

[Event "Baku Open 2013"]
[Site "Baku AZE"]
[Date "2013.09.24"]
[Round "6.22"]
[White "Gagunashvili, Merab"]
[Black "Abdulla, Khayala"]
[Result "1/2-1/2"]
[WhiteTitle "GM"]
[BlackTitle "WIM"]
[WhiteElo "2585"]
[BlackElo "2249"]
[WhiteFideId "13601652"]
[BlackFideId "13401807"]
[EventDate "2013.09.19"]

1. d4 Nf6 2. c4 e6 3. Nf3 b6 4. g3 Bb4+ 5. Nbd2 Bb7 6. Bg2 c5 7. dxc5 Bxc5 8.
O-O O-O 9. b3 d5 10. cxd5 Bxd5 11. Bb2 Nbd7 12. Rc1 Rc8 13. e3 Qe7 14. Qe2 Bb7
15. Nc4 Rfd8 16. a3 Ba6 17. b4 Bd6 18. Nd4 Ne5 19. b5 Nxc4 20. Rxc4 Bb7 21. Bxb7
Rxc4 22. Qxc4 Qxb7 23. Nc6 Rd7 24. Bxf6 gxf6 25. a4 Bf8 26. Rc1 Rd5 27. Qf4 Qd7
28. Qxf6 Rd1+ 29. Rxd1 Qxd1+ 30. Kg2 Qxa4 31. Nd8 Qe4+ 32. Kh3 Qg6 33. Qxg6+
hxg6 34. Nc6 f5 35. Nxa7 Bc5 36. Nc6 Kf7 37. Kg2 Kf6 38. Kf3 g5 39. g4 Bd6 40.
h3 Bc5 41. Ke2 e5 42. f3 e4 43. gxf5 Kxf5 44. Kf2 Bd6 45. Nd4+ Ke5 46. Kg3 Kd5+
47. Kg4 Be7 48. Kf5 exf3 49. Nxf3 Kc4 50. Nd4 Bd8 51. Ne6 Be7 52. Nd4 Bd8 53.
Ke6 Kd3 54. Kf7 Bc7 55. Ne6 Bg3 56. Nd4 Bf2 57. Nf5 Kc4 58. e4 Kxb5 59. e5 Bc5
60. e6 Kc4 61. e7 Bxe7 62. Nxe7 b5 63. Kf6 Kc5 64. Ke5 b4 65. Nd5 b3 66. Nc3 Kc4
67. Nb1 Kd3 68. Kf5 b2 69. Kxg5 Kc2 70. Na3+ Kb3 1/2-1/2

[Event "Baku Open 2013"]
[Site "Baku AZE"]
[Date "2013.09.24"]
[Round "6.23"]
[White "Darban, Morteza"]
[Black "Mirzoev, Azer"]
[Result "0-1"]
[WhiteTitle "IM"]
[BlackTitle "GM"]
[WhiteElo "2358"]
[BlackElo "2544"]
[WhiteFideId "12501816"]
[BlackFideId "13400304"]
[EventDate "2013.09.19"]

1. e4 e5 2. Nf3 Nc6 3. Nc3 Nf6 4. d4 Bb4 5. Qd3 exd4 6. Nxd4 O-O 7. f3 d5 8.
Nxc6 bxc6 9. Bd2 a5 10. O-O-O Be6 11. Bg5 h6 12. Bh4 Be7 13. Be2 Rb8 14. a3 Re8
15. Rhe1 Rb7 16. Na4 Nd7 17. Bxe7 Qxe7 18. Qe3 Rbb8 19. g3 Qf6 20. Qd4 dxe4 21.
fxe4 Ne5 22. Rf1 Qg6 23. Nc5 Bg4 24. Rd2 Bxe2 25. Rxe2 Rbd8 26. Qc3 Qh5 27. Rff2
Ng4 28. Rg2 Qg5+ 29. Kb1 Rd1+ 30. Ka2 Qc1 31. Nd3 Qb1+ 32. Kb3 a4+ 33. Kxa4 Qa2
34. Qxc6 Nf6 35. e5 Re6 36. Qa8+ Ne8 37. b3 Qa1 38. Re4 Kh7 39. Rge2 Rf1 40. Rc4
Qd1 41. Ree4 Qf3 42. Qa7 Rh1 43. Qf2 Qxf2 44. Nxf2 Rxh2 45. Nd3 h5 46. Kb5 g5 0-1

[Event "Baku Open 2013"]
[Site "Baku AZE"]
[Date "2013.09.24"]
[Round "6.24"]
[White "Boruchovsky, Avital"]
[Black "Mammadova, Gulnar"]
[Result "1-0"]
[WhiteTitle "IM"]
[BlackTitle "WGM"]
[WhiteElo "2461"]
[BlackElo "2349"]
[WhiteFideId "2800055"]
[BlackFideId "13403508"]
[EventDate "2013.09.19"]

1. e4 e6 2. d4 d5 3. Nd2 Nf6 4. e5 Nfd7 5. Bd3 c5 6. c3 Nc6 7. Ndf3 cxd4 8. cxd4
f6 9. exf6 Qxf6 10. Ne2 h6 11. O-O Bd6 12. Be3 O-O 13. Rc1 Rd8 14. Bb1 Nf8 15.
Qd2 Bd7 16. Bf4 Be8 17. Bxd6 Rxd6 18. Rfe1 Ng6 19. Rc3 Bf7 20. Re3 Rd7 21. b4
Rc7 22. Rc1 Rac8 23. Rec3 Qe7 24. a3 Qd6 25. Bxg6 Bxg6 26. Qf4 e5 27. Nxe5 Nxe5
28. Rxc7 Rxc7 29. Rxc7 Qxc7 30. Qxe5 Qc4 31. h3 b6 32. Kh2 Bf7 33. Nf4 Kh7 34.
h4 Qc2 35. Kg3 Qc3+ 36. f3 Qxa3 37. Qf5+ Kg8 38. Qc8+ Kh7 39. Qf8 1-0

[Event "Baku Open 2013"]
[Site "Baku AZE"]
[Date "2013.09.24"]
[Round "6.27"]
[White "Babayev, Talib"]
[Black "Omar, Noaman"]
[Result "0-1"]
[WhiteTitle "IM"]
[BlackTitle "IM"]
[WhiteElo "2397"]
[BlackElo "2362"]
[WhiteFideId "13401432"]
[BlackFideId "9300244"]
[EventDate "2013.09.19"]

1. e4 c5 2. Nf3 e6 3. c4 a6 4. Nc3 Qc7 5. Be2 Nf6 6. O-O Nc6 7. d4 cxd4 8. Nxd4
Nxd4 9. Qxd4 Bd6 10. h3 O-O 11. Be3 Bh2+ 12. Kh1 Be5 13. Qd3 Bxc3 14. bxc3 b5
15. c5 Bb7 16. Bf3 e5 17. Rfd1 h6 18. Rd2 Bc6 19. Re2 Qb7 20. Bc1 Rfe8 21. Bb2
Qa7 22. Qe3 Rab8 23. Rd1 b4 24. cxb4 Rxb4 25. Rd6 Qa8 26. Rxf6 gxf6 27. Qxh6 Re6
28. Bc3 Rb1+ 29. Kh2 Qf8 30. Qh5 Qxc5 31. Bg4 Qxc3 32. Bxe6 dxe6 33. Re3 Qc1 34.
Qh6 Qh1+ 35. Kg3 Rg1 36. Kh4 Rxg2 37. Rb3 Bb7 38. Rxb7 Rg4+ 39. Kxg4 Qg2+ 40.
Kh4 Qxf2+ 41. Kg4 Qg2+ 42. Kh4 Qxe4+ 43. Kg3 Qxb7 44. Qxf6 Qd5 45. Qg5+ Kf8 46.
Qh6+ Ke7 47. Qh4+ f6 48. Qh7+ Kd6 49. h4 e4 50. Qh6 Qd3+ 51. Kh2 Qc2+ 52. Kg3
Qc3+ 53. Kh2 Qb2+ 54. Kg1 0-1

[Event "Baku Open 2013"]
[Site "Baku AZE"]
[Date "2013.09.24"]
[Round "6.28"]
[White "Kazimova, Narmin"]
[Black "Noroozi, Omid"]
[Result "1-0"]
[WhiteTitle "WIM"]
[WhiteElo "2225"]
[BlackElo "2385"]
[WhiteFideId "13402951"]
[BlackFideId "12501190"]
[EventDate "2013.09.19"]

1. d4 f5 2. Nf3 Nf6 3. g3 e6 4. Bg2 d6 5. c4 Be7 6. b3 O-O 7. Bb2 Ne4 8. Nbd2
Bf6 9. O-O Nc6 10. Nxe4 fxe4 11. Ne1 d5 12. Nc2 Bd7 13. f3 exf3 14. Bxf3 Be8 15.
e4 Bg6 16. exd5 Bxc2 17. Qd2 exd5 18. cxd5 Nxd4 19. Bxd4 Bf5 20. Bg2 Qd7 21.
Rac1 Bxd4+ 22. Qxd4 Bh3 23. Bxh3 Qxh3 24. Rxf8+ Rxf8 25. Qe5 Qh6 26. Qe6+ Rf7
27. Qe8+ Rf8 28. Qe6+ Rf7 29. Qc8+ Rf8 30. Qe6+ Rf7 31. Qxh6 gxh6 32. Kg2 Kf8
33. Rc4 Ke8 34. Rb4 b6 35. Rc4 Kd7 36. Rc6 h5 37. Rh6 Rf5 38. d6 c5 39. Rxh7+
Kxd6 40. Rxa7 b5 41. Ra5 Kc6 42. h3 Rf8 43. Ra6+ Kd5 44. Rh6 Ra8 45. Rxh5+ Kd4
46. a4 bxa4 47. Rh4+ Kd3 48. Rxa4 1-0

[Event "Baku Open 2013"]
[Site "Baku AZE"]
[Date "2013.09.24"]
[Round "6.29"]
[White "Mikheev, Stanislav"]
[Black "Kanter, Eduard"]
[Result "1-0"]
[WhiteTitle "IM"]
[BlackTitle "IM"]
[WhiteElo "2259"]
[BlackElo "2417"]
[WhiteFideId "4135920"]
[BlackFideId "4103963"]
[EventDate "2013.09.19"]

1. d4 Nf6 2. c4 g6 3. Nc3 d5 4. Bf4 Bg7 5. Nf3 O-O 6. Rc1 dxc4 7. e3 Be6 8. Ng5
Bd5 9. Nxd5 Nxd5 10. Bxc4 Nc6 11. Qf3 e6 12. Qh3 h6 13. Nxe6 Nxf4 14. Nxf4 Qg5
15. Ne2 Qa5+ 16. Rc3 Ne7 17. Qd7 Nf5 18. Qb5 Qb6 19. Bd3 Nd6 20. Qxb6 axb6 21.
Rxc7 Rxa2 22. Rc2 b5 23. Nc1 Ra1 24. O-O Rfa8 25. Nb3 R1a2 26. Nd2 f5 27. Rfc1
Bf6 28. Kf1 Bd8 29. Ke2 Kf7 30. Nb1 b4 31. Nd2 Ke7 32. Bc4 Nxc4 33. Nxc4 b3 34.
Rd2 Rc8 35. Kd1 b5 36. Na3 Rxc1+ 37. Kxc1 b4 38. Nb1 Bc7 39. g3 Ke6 40. Rd3 Kd5
41. Rxb3 Bd6 42. Kc2 Ra1 43. Rd3 g5 44. Rd1 h5 45. Nc3+ 1-0

[Event "Baku Open 2013"]
[Site "Baku AZE"]
[Date "2013.09.24"]
[Round "6.30"]
[White "Guliev, Sarhan"]
[Black "Heydarli, Kanan"]
[Result "0-1"]
[WhiteTitle "GM"]
[BlackTitle "IM"]
[WhiteElo "2460"]
[BlackElo "2278"]
[WhiteFideId "13400231"]
[BlackFideId "13404423"]
[EventDate "2013.09.19"]

1. e4 c5 2. Nf3 e6 3. c3 d5 4. exd5 Qxd5 5. d4 cxd4 6. cxd4 Nf6 7. Bd3 Be7 8.
O-O Nc6 9. Nc3 Qd6 10. Bg5 O-O 11. Qd2 Bd7 12. Rad1 Nd5 13. Be3 Rad8 14. Bb1 b6
15. Qd3 g6 16. Bh6 Rfe8 17. Rfe1 Bc8 18. h4 Bb7 19. Ne4 Qc7 20. a3 Nf6 21. Qc3
Nd5 22. Qc2 Na5 23. Qe2 Nf6 24. b4 Nc4 25. Nfg5 Nd6 26. Ng3 Qc4 27. Bd3 Qd5 28.
Nf3 Nh5 29. Qb2 Nxg3 30. fxg3 Qh5 31. Bf4 Bxf3 32. gxf3 Qxf3 33. d5 Qg4 34. dxe6
fxe6 35. Qb3 Nf7 36. Qxe6 Bc5+ 0-1

[Event "Baku Open 2013"]
[Site "Baku AZE"]
[Date "2013.09.24"]
[Round "6.31"]
[White "Ahmadinia, Ebrahim"]
[Black "Mahdavirad, Mehdi"]
[Result "1-0"]
[WhiteTitle "IM"]
[WhiteElo "2381"]
[BlackElo "2252"]
[WhiteFideId "12501891"]
[BlackFideId "12502669"]
[EventDate "2013.09.19"]

1. e4 c5 2. Nf3 Nc6 3. d4 cxd4 4. Nxd4 e5 5. Nb5 d6 6. N1c3 a6 7. Na3 Be7 8. Nc4
b5 9. Ne3 Nf6 10. Ned5 O-O 11. Be3 Be6 12. Qd2 Bxd5 13. exd5 Na5 14. b4 Nb7 15.
a4 bxa4 16. Nxa4 Nd7 17. Be2 f5 18. f3 f4 19. Bf2 Bh4 20. g3 e4 21. fxe4 Bg5 22.
Qd1 f3 23. Bd3 a5 24. O-O axb4 25. Qe1 Ne5 26. Qxb4 Qd7 27. Bd4 Qh3 28. Rf2 Rf7
29. Bf1 Qh6 30. Ra3 Ng4 31. Nb6 Raf8 32. Nc4 Nxf2 33. Bxf2 Qg6 34. e5 Qe4 35. e6
Re7 36. Qb5 h5 37. Ra7 Nc5 38. Nxd6 Qxd5 39. Qxc5 Qxc5 40. Bxc5 f2+ 41. Kg2 Rxe6
42. Nb5 1-0

[Event "Baku Open 2013"]
[Site "Baku AZE"]
[Date "2013.09.24"]
[Round "6.32"]
[White "Mammadzada, Gunay"]
[Black "Guliev, Logman"]
[Result "1-0"]
[WhiteTitle "WFM"]
[BlackTitle "IM"]
[WhiteElo "2104"]
[BlackElo "2380"]
[WhiteFideId "13403729"]
[BlackFideId "13400061"]
[EventDate "2013.09.19"]

1. e4 c5 2. Nf3 d6 3. d4 cxd4 4. Nxd4 Nf6 5. Nc3 a6 6. Be3 e6 7. f3 Be7 8. Qd2
O-O 9. O-O-O Nc6 10. g4 Nxd4 11. Qxd4 b5 12. g5 Nd7 13. h4 Rb8 14. Kb1 b4 15.
Ne2 Nb6 16. Nc1 d5 17. Bf4 Bd6 18. Be5 Bxe5 19. Qxe5 Nd7 20. Qd4 Bb7 21. exd5
Bxd5 22. h5 Bxf3 23. h6 e5 24. Qh4 g6 25. Bh3 Bxh1 26. Rxd7 Qb6 27. Qe1 Rb7 28.
Qxe5 f6 29. Qe7 Rxd7 30. Bxd7 1-0

[Event "Baku Open 2013"]
[Site "Baku AZE"]
[Date "2013.09.24"]
[Round "6.33"]
[White "Bayramov, Vugar"]
[Black "Javakhishvili, Lela"]
[Result "0-1"]
[BlackTitle "IM"]
[WhiteElo "2245"]
[BlackElo "2459"]
[WhiteFideId "13400916"]
[BlackFideId "13601458"]
[EventDate "2013.09.19"]

1. d4 Nf6 2. Nf3 e6 3. e3 c5 4. Bd3 d5 5. b3 Nc6 6. Bb2 Bd6 7. Ne5 cxd4 8. exd4
O-O 9. Nxc6 bxc6 10. O-O c5 11. dxc5 Bxc5 12. Nd2 Bb7 13. Qf3 Qe7 14. Rae1 Rfd8
15. Qg3 a5 16. Nf3 h6 17. Nd4 Nh5 18. Qf3 Qf6 19. Qxh5 Bxd4 20. Bxd4 Qxd4 21.
Re3 a4 22. c3 Qf6 23. Rf3 Qe7 24. Rg3 Kh8 25. Re1 axb3 26. axb3 Ra2 27. h4 d4
28. c4 Qf6 29. Re2 Rda8 30. b4 Rxe2 31. Bxe2 Ra1+ 32. Bf1 Ra2 33. Be2 Be4 34.
Qg4 Bf5 35. Qf3 Ra1+ 36. Bf1 d3 37. Qe3 Qxh4 0-1

[Event "Baku Open 2013"]
[Site "Baku AZE"]
[Date "2013.09.24"]
[Round "6.34"]
[White "Umudova, Nargiz"]
[Black "Nasri, Amin"]
[Result "0-1"]
[WhiteTitle "WIM"]
[WhiteElo "2256"]
[BlackElo "2347"]
[WhiteFideId "13402137"]
[BlackFideId "12501972"]
[EventDate "2013.09.19"]

1. e4 e5 2. Nf3 Nc6 3. Bb5 a6 4. Ba4 Nf6 5. O-O d6 6. Re1 Bd7 7. d4 b5 8. Bb3
Nxd4 9. Nxd4 exd4 10. f4 Bg4 11. Qd3 c5 12. e5 dxe5 13. fxe5 Nd5 14. a4 c4 15.
Qxd4 Be6 16. Ba2 Rc8 17. Qe4 Bc5+ 18. Kh1 O-O 19. b3 Nb4 20. bxc4 Nxa2 21. Rxa2
Bxc4 22. Ra1 Bf2 23. Nc3 f5 24. exf6 Qxf6 25. Bd2 Bxe1 26. Qxe1 Rce8 27. Qg1 b4 0-1

[Event "Baku Open 2013"]
[Site "Baku AZE"]
[Date "2013.09.25"]
[Round "7.6"]
[White "Efimenko, Zahar"]
[Black "Mchedlishvili, Mikheil"]
[Result "1/2-1/2"]
[WhiteTitle "GM"]
[BlackTitle "GM"]
[WhiteElo "2661"]
[BlackElo "2633"]
[WhiteFideId "14107201"]
[BlackFideId "13600966"]
[EventDate "2013.09.19"]

1. e4 c5 2. Nf3 d6 3. d4 cxd4 4. Nxd4 Nf6 5. Nc3 g6 6. g3 Nc6 7. Nde2 Bg7 8. Bg2
O-O 9. O-O Rb8 10. a4 a6 11. Nd5 b5 12. axb5 axb5 13. Be3 b4 14. Nd4 Nxd4 15.
Bxd4 Nxd5 16. exd5 Bxd4 17. Qxd4 Bf5 18. Ra7 Re8 19. Re1 Qb6 20. Qxb6 Rxb6 21.
Rexe7 Rxe7 22. Rxe7 Ra6 23. Re8+ Kg7 24. Be4 Ra1+ 25. Kg2 Re1 26. f3 Re2+ 27.
Kf1 Rxh2 28. Bxf5 gxf5 29. Rc8 f4 30. gxf4 h5 31. Kg1 Rd2 32. Rc4 Kf6 33. Rxb4
Rxc2 34. Rb6 Kf5 35. Rxd6 Kxf4 36. Rf6+ Kg3 37. Kf1 h4 38. Rxf7 h3 39. Rg7+ Kxf3
40. Kg1 Rxb2 1/2-1/2

[Event "Baku Open 2013"]
[Site "Baku AZE"]
[Date "2013.09.25"]
[Round "7.7"]
[White "Shimanov, Aleksandr"]
[Black "Rasulov, Vugar"]
[Result "1/2-1/2"]
[WhiteTitle "GM"]
[BlackTitle "GM"]
[WhiteElo "2655"]
[BlackElo "2488"]
[WhiteFideId "4198603"]
[BlackFideId "13402390"]
[EventDate "2013.09.19"]

1. d4 Nf6 2. c4 c5 3. d5 e6 4. Nc3 exd5 5. cxd5 d6 6. e4 g6 7. h3 Bg7 8. Bd3 O-O
9. Nf3 Re8 10. O-O a6 11. a4 Nbd7 12. Re1 Nh5 13. Bg5 Bf6 14. Be3 Ne5 15. Be2
Nxf3+ 16. Bxf3 Ng7 17. Qd2 Rb8 18. a5 b5 19. axb6 Rxb6 20. Ra2 Rb4 21. Qc2 Be5
22. Bd2 f5 23. Ra4 fxe4 24. Bxe4 Nf5 25. Rxb4 cxb4 26. Nd1 a5 27. b3 Bd4 28. Nb2
Qh4 29. Nd3 Rf8 30. Qc1 Ng7 31. Bg5 Bxf2+ 32. Kh1 Qg3 33. Nxf2 Qxf2 34. Be7 Re8
35. Bxd6 Qh4 36. Kh2 Nh5 37. Re3 Qd8 38. Bc7 Qg5 39. Qc6 Bd7 40. Qb6 Bf5 41.
Bxf5 Qxe3 42. Be6+ Rxe6 43. Qxe6+ Qxe6 44. dxe6 Ng7 45. e7 Kf7 46. Bxa5 Nf5 47.
Bxb4 Nd4 48. Kg3 Nxb3 49. Kf4 Nd4 50. Kg5 Nf5 51. e8=Q+ Kxe8 52. Kf6 Ne3 1/2-1/2

[Event "Baku Open 2013"]
[Site "Baku AZE"]
[Date "2013.09.25"]
[Round "7.8"]
[White "Artemiev, Vladislav"]
[Black "Korneev, Oleg"]
[Result "1/2-1/2"]
[WhiteTitle "IM"]
[BlackTitle "GM"]
[WhiteElo "2560"]
[BlackElo "2621"]
[WhiteFideId "24101605"]
[BlackFideId "4156803"]
[EventDate "2013.09.19"]

1. e4 e5 2. Nf3 Nc6 3. Bb5 Nf6 4. d3 Bc5 5. c3 O-O 6. O-O d6 7. h3 Bb6 8. Nbd2
Ne7 9. Nc4 Ng6 10. Nxb6 axb6 11. Ba4 h6 12. Re1 Nh5 13. Bc2 Nhf4 14. d4 Qf6 15.
Kh2 b5 16. Be3 c6 17. a4 bxa4 18. Rxa4 Rxa4 19. Bxa4 Be6 20. Bb3 b5 21. Bxe6
Qxe6 22. dxe5 dxe5 23. Qc2 Rd8 24. Rd1 Rxd1 25. Qxd1 Kh7 26. b3 Qe7 27. g3 Ne6
28. h4 Nc5 29. Qc2 Qd6 30. b4 Ne6 31. h5 Ne7 32. Qa2 f6 33. Nh4 Qd7 34. f4 exf4
35. gxf4 Qd6 36. Qd2 Qxd2+ 37. Bxd2 Kg8 38. Be3 Kf7 39. Kg3 f5 40. exf5 Nc7 41.
Bd4 1/2-1/2

[Event "Baku Open 2013"]
[Site "Baku AZE"]
[Date "2013.09.25"]
[Round "7.11"]
[White "Azarov, Sergei"]
[Black "Rzayev, Bahruz"]
[Result "1-0"]
[WhiteTitle "GM"]
[BlackTitle "IM"]
[WhiteElo "2636"]
[BlackElo "2464"]
[WhiteFideId "13501470"]
[BlackFideId "13403036"]
[EventDate "2013.09.19"]

1. e4 e5 2. Nf3 Nc6 3. Bb5 a6 4. Ba4 d6 5. O-O Bd7 6. d4 Nf6 7. c3 g6 8. Re1 Bg7
9. Nbd2 O-O 10. h3 Re8 11. Bb3 h6 12. a3 Nh5 13. Nf1 Qf6 14. Ne3 Nf4 15. d5 Nd8
16. h4 Qe7 17. g3 Nh5 18. Nh2 Rf8 19. Bc2 Nf6 20. Bd2 c6 21. c4 b5 22. Bc3 Nb7
23. b4 Rac8 24. Bb2 bxc4 25. Nxc4 cxd5 26. Nb6 dxe4 27. Nxc8 Rxc8 28. Bxe4 Nxe4
29. Rxe4 Bc6 30. Rc1 d5 31. Rxc6 Rxc6 32. Qxd5 Qd6 33. Qb3 Qc7 34. Nf3 Nd6 35.
Bxe5 Bxe5 36. Rxe5 Rc3 37. Qd5 Rxa3 38. Kg2 Ra1 39. h5 Qc4 40. Re8+ Kg7 41. Qe5+
f6 42. Re7+ Kf8 43. Qxf6+ Nf7 44. Rxf7+ 1-0

[Event "Baku Open 2013"]
[Site "Baku AZE"]
[Date "2013.09.25"]
[Round "7.12"]
[White "Izzat, Kanan"]
[Black "Guseinov, Gadir"]
[Result "0-1"]
[WhiteTitle "FM"]
[BlackTitle "GM"]
[WhiteElo "2347"]
[BlackElo "2616"]
[WhiteFideId "13405209"]
[BlackFideId "13401378"]
[EventDate "2013.09.19"]

1. d4 g6 2. Nf3 Bg7 3. c4 d6 4. Nc3 Nf6 5. h3 O-O 6. e4 e5 7. d5 a5 8. g4 Na6 9.
Be3 Nc5 10. Nd2 Bd7 11. Be2 c6 12. g5 Ne8 13. h4 f5 14. h5 Rf7 15. hxg6 hxg6 16.
exf5 Bxf5 17. Nb3 cxd5 18. cxd5 b6 19. Rh4 Nc7 20. a3 Rb8 21. Nd2 a4 22. b4 axb3
23. Nxb3 N7a6 24. Bxa6 Nxa6 25. Kf1 Qc8 26. Nb5 Bf8 27. Rc1 Nc5 28. Nxc5 bxc5
29. a4 Rbb7 30. Rcc4 Rh7 31. Qd2 e4 32. Rh6 Bxh6 33. gxh6 Rhf7 34. Ke1 Qb8 35.
Bf4 Rxb5 36. axb5 Qxb5 37. Rc1 Bh3 38. Qe3 Qb4+ 39. Ke2 Bg2 40. Bxd6 Qb2+ 41.
Kd1 Rxf2 0-1

[Event "Baku Open 2013"]
[Site "Baku AZE"]
[Date "2013.09.25"]
[Round "7.15"]
[White "Anurag, Mhamal"]
[Black "Jumabayev, Rinat"]
[Result "1-0"]
[WhiteTitle "FM"]
[BlackTitle "GM"]
[WhiteElo "2426"]
[BlackElo "2562"]
[WhiteFideId "5024366"]
[BlackFideId "13702661"]
[EventDate "2013.09.19"]

1. d4 Nf6 2. Nc3 d5 3. Bg5 Nbd7 4. Qd3 c5 5. e4 cxd4 6. Bxf6 Nxf6 7. Qxd4 dxe4
8. Qe5 a6 9. Rd1 Qb6 10. Bb5+ Bd7 11. Nd5 Nxd5 12. Bxd7+ Kxd7 13. Qxd5+ Kc7 14.
Qxf7 Rc8 15. Ne2 Kb8 16. Qf4+ e5 17. Qxe5+ Ka8 18. O-O Bc5 19. b4 Qxb4 20. Rb1
Qc4 21. Qxg7 Rb8 22. Qc3 Qd5 23. Qb3 Qc6 24. Nc3 Rhg8 25. Nd5 h5 26. c4 Rg7 27.
Qh3 Rbg8 28. Rb3 e3 29. fxe3 Rxg2+ 30. Qxg2 Rxg2+ 31. Kxg2 Qg6+ 32. Kf2 Qc2+ 33.
Kg1 Qg6+ 34. Kf2 Qf5+ 35. Ke1 Qc2 36. Rf7 Qxc4 37. Rd7 Qh4+ 38. Kd2 Qxh2+ 39.
Kd3 Qb8 40. Rc7 b6 41. Rxc5 Qd6 42. Rc8+ Ka7 43. Rc7+ Ka8 44. Kd4 b5 45. Rbc3 1-0

[Event "Baku Open 2013"]
[Site "Baku AZE"]
[Date "2013.09.25"]
[Round "7.17"]
[White "Khalafova, Narmin"]
[Black "Sutovsky, Emil"]
[Result "0-1"]
[WhiteTitle "WFM"]
[BlackTitle "GM"]
[WhiteElo "2131"]
[BlackElo "2660"]
[WhiteFideId "13402625"]
[BlackFideId "2802007"]
[EventDate "2013.09.19"]

1. e4 c5 2. Nf3 d6 3. d4 cxd4 4. Nxd4 Nf6 5. Nc3 a6 6. Be3 Ng4 7. Bg5 h6 8. Bh4
g5 9. Bg3 Bg7 10. Be2 h5 11. Nf5 Bxf5 12. exf5 Nh6 13. f6 Bxf6 14. Nd5 Nd7 15.
Bxh5 Nf5 16. Qd3 e6 17. Nxf6+ Qxf6 18. Be2 Qxb2 19. O-O Nc5 20. Qd2 Ne4 21. Qd3
Nexg3 22. fxg3 Qb6+ 23. Kh1 Ke7 24. Rab1 Rxh2+ 0-1